000 00460nam a22001577a 4500
003 OSt
005 20260421075254.0
008 260421b |||||||| |||| 00| 0 eng d
040 _aDWCL-Main lib
_cOC
082 _aCirc. 201 L51p
100 _aLeeming, Bernard E.
245 _aPrinciples of sacramental theology/
_cLeeming, Bernard E.
300 _alvii, 690 pages. ;
_c21cm.
504 _ainclude bibliography and index
942 _2ddc
_cBK-CIRC
_hCirc.
_n0
999 _c9597
_d9597